书目信息 |
| 题名: |
证券投资学
|
|
| 作者: | 葛红玲 主编 | |
| 分册: | ||
| 出版信息: | 北京 机械工业出版社 2007.06 |
|
| 页数: | 274页 | |
| 开本: | 20cm | |
| 丛书名: | ||
| 单 册: | ||
| 中图分类: | F830.91 | |
| 科图分类: | ||
| 主题词: | 金融 , 银行 | |
| 电子资源: | ||
| ISBN: | 978-7-111-21343-7 | |
| 000 | 00600nam0 2200229 45 | |
| 001 | 0955898039 | |
| 005 | 20091018163841.39 | |
| 010 | @a978-7-111-21343-7@dCNY35.00 | |
| 100 | @a20090515d2007 ekmy0 y0120 ea | |
| 102 | @aCN@b130000 | |
| 102 | @aCN@b110000 | |
| 105 | @ay z 000yy | |
| 200 | 1 | @a证券投资学@f葛红玲主编@Fge hong ling zhu bian |
| 210 | @a北京@c机械工业出版社@d2007.06 | |
| 215 | @a274页@d20cm | |
| 606 | 0 | @a金融 |
| 606 | 0 | @a银行 |
| 690 | @aF830.91@v4 | |
| 701 | 0 | @a葛红玲@Age hong ling@4主编 |
| 801 | 0 | @aCN@c20091018 |
| 905 | @a10447@dF830.91@eG3053 | |
| 906 | @d35@n2@r1 | |
| 证券投资学/葛红玲主编.-北京:机械工业出版社,2007.06 |
| 274页;20cm |
| ISBN 978-7-111-21343-7:CNY35.00 |
| ● |
| 相关链接 |
|
|
|
正题名:证券投资学
索取号:F830.91/G3053
 
预约/预借
| 序号 | 登录号 | 条形码 | 馆藏地/架位号 | 状态 | 备注 |
| 1 | 659996 | 206599965 | 社科库409/409社科库 53排1列2层/ [索取号:F830.91/G3053] | 在馆 | |
| 2 | 659997 | 206599974 | 社科库409/400A自科库 14排1列6层/ [索取号:F830.91/G3053] | 在馆 |